000 00423nam a2200181Ia 4500
001 62039
008 141119s9999 xx 000 0 und d
020 _a9781847039538
040 _cPK-LaUMT
082 _a 346.004
_bJIL-M
100 _aJill E. Martin
245 _aModern equity
_cJill E. Martin
250 _a19th
260 _aLondon,UK:
_bSweet & Maxwell,
_c2012
300 _a982 p.
546 _aEN
942 _cBK
999 _c62469
_d62469